000 00411nam a2200157 i 4500
001 59082
003 ES-MaACL
005 20230906163947.0
007 t|
008 031027s1959 sp ||||1| spa d
100 1 _aEdo, Angela.
_946651
245 1 0 _aBurlerĂ­as /
_cAngela Edo.
260 _aBarcelona :
_bLlesuy,
_c[1959] (
_fLimonograph)
300 _a289 p. ;
_c19 cm.
852 _aES-MaACL
_jC-19004
_bR.45700
999 _c59082
_d59082